00775 2200181 4500245014200000020001800142250001100160100001800171700002600189650001200215005001900227260003300246041001400279084001000293300002300303500025800326336000900584 aMisteri Hidayah b : Menyibak Rahasia Kekuatan Hidayah Ilahi dan Bimbingan Menggapainya dalam Segala Sisi KehidupancWawan SusetyahText a979-963-373-7 aCet. 1 aWawan Susetya aAkhmad Muhaimin Azzet aHidayah a20240506115718 aYogyakartabDIVA Pressc2007 aIndonesia a2X3.1 a259 hlm. :c21 cm. aKehadfiran buku yang mengupas-tuntas tentang seluk-beluk misteri hidayah Allah Swt. ini melangkah lebih jauh dengan menyajikan pendalaman spritual dan logika sekaligus dalam memahami hakikat ''dibidayabi atau tidak dibidayabi seseorang'' oleh Allah Swt. atext